| 000 | nam a22 7a 4500 | ||
|---|---|---|---|
| 999 |
_c25396 _d25396 |
||
| 008 | 170131b xxu||||| |||| 00| 0 eng d | ||
| 020 | _a9781269371612 | ||
| 050 | _aQA 152.3 .B44 2012 | ||
| 100 | _aBeecher, Judith A. | ||
| 245 |
_aCollege Algebra/ _cJudith A.Beecher, Judith L. Penna, Marvin L. Bittinger |
||
| 260 |
_aBoston: _bAddison- Wesley _c2012. |
||
| 300 |
_axvii,702 (60)p.: _bill.; _c26cm. |
||
| 521 | _aIncludes index. | ||
| 700 | _aPenna, Judith L. | ||
| 700 | _aBittinger, marvin L. | ||
| 942 |
_2lcc _cBOOKS _hQA 152.3 .B44 2012 |
||